| 000 | 01738nam0a2200361 4500 | ||
|---|---|---|---|
| 001 | RU\NLR\BIBL_A\011393528 | ||
| 005 | 20260406085830.0 | ||
| 010 |
_a978-5-235-03973-5 _92500 |
||
| 021 |
_aRU _b2017-31849 _92345 |
||
| 035 | _a(RuMoRGB)008874083 | ||
| 035 | _a(NLR Aleph) 011393528 | ||
| 090 |
_a11465383 _c11465383 |
||
| 100 | _a20170525d2017 |||y0rusy50 ca | ||
| 101 | 0 | _arus | |
| 102 | _aRU | ||
| 105 | _aachzzz0|||1zb | ||
| 200 | 1 |
_aПобедоносцев. Русский Торквемада _fАлександр Полунов |
|
| 210 |
_aМосква _cМолодая гвардия _d2017 |
||
| 215 |
_a332, [3] с., [16] л. ил., портр., факс. _d21 |
||
| 225 | 1 |
_aЖизнь замечательных людей _ecерия биографий _fоснована в 1890 году Ф. Павленковым и продолжена в 1933 г. М. Горьким _v1832(1632) |
|
| 300 | _aВ аннот. авт.: д. ист. н. А. Полунов | ||
| 320 | _aБиблиогр. в примеч.: с. 311-330 (544 назв.) | ||
| 320 | _aБиблиогр. в конце кн. | ||
| 333 | _a16+ | ||
| 600 | 1 |
_aПобедоносцев _bК.П. _f1827 - 1907 _gКонстантин Петрович _9889420 _3RU\NLR\AUTH\66321471 |
|
| 686 | 1 | _aТ3(2)5-8 | |
| 700 | 1 |
_aПолунов _bА. Ю. _cд-р ист. наук _f1966- _gАлександр Юрьевич _9133202 _3RU\NLR\AUTH\770133236 |
|
| 702 | 1 |
_4570 _7ca _8rus _aПобедоносцев _bК. П. _cгос. деятель _f1827-1907 _gКонстантин Петрович _939258 _3RU\NLR\AUTH\7756326 |
|
| 942 | _cBOOK | ||
| 980 | _aNBR | ||
| 980 | _aNB | ||